| 000 | 01533cam a22004574i 4500 | ||
|---|---|---|---|
| 003 | PE-LiUPU | ||
| 005 | 20250731173003.0 | ||
| 008 | 150623s r 000 0 d | ||
| 020 | _a0801021723 | ||
| 035 | _a(Sirsi) i9780801021725 | ||
| 040 |
_aPE-LiUPU _bspa _cPE-LiUPU _erda |
||
| 049 | _aPRUA | ||
| 082 | 0 | 4 |
_a221.66 _bY76 _221 |
| 100 | 1 |
_aYoungblood, Ronald, _eautor. |
|
| 245 | 1 | 4 |
_aThe heart of the Old testament : _ba survey of key theological themes / _cRonald Youngblood. |
| 264 | 1 |
_aGran Rapids, Michigan : _bBaker Books, _c1998. |
|
| 300 |
_a122 páginas ; _c22 centímetros |
||
| 336 |
_atext _2rdacontent |
||
| 337 |
_aunmediated _2rdamedia |
||
| 338 |
_avolume _2rdacarrier |
||
| 504 | _aIncluye bibliografía. | ||
| 505 | 0 | _aMonotheism. -Sovereignty. -Election. -Covenant. -Theocracy. -Law. -Sacrifice. -Faith. -Redemption. | |
| 526 | _aSEG42 | ||
| 526 | _aSEG41 | ||
| 526 | _aSEG40 | ||
| 526 | _aSEG39 | ||
| 526 | _aP94 | ||
| 526 | _aP87 | ||
| 526 | _aP86 | ||
| 526 | _aP85 | ||
| 526 | _aP77 | ||
| 526 | _aP76 | ||
| 526 | _aP35 | ||
| 630 |
_aBiblia. _pA.T. _xTEOLOGIA. |
||
| 942 |
_2ddc _cBOOK |
||
| 949 |
_a221.66 Y76 _wDEWEY _c1 _i45575 _lCCODEBUL1 _mBUL _r0 _sY _tBOOK _u2015-6-24 _xTEOLOGIA _PP35 _0COMPRA _o.STAFF. Colección General |
||
| 994 |
_aC0 _bPEPRU |
||
| 596 | _a1 | ||
| 999 |
_a221.66 Y76 _wDEWEY _c22442 _i45575 _f2021-11-9 _g5 _lCCODEBUL1 _mBUL _r0 _sY _tBOOK _u2015-6-24 _xTEOLOGIA _PP35 _0COMPRA _o.STAFF. Colección General _d22442 |
||
| 980 |
_81 _gALBERTO SANCHEZ Responsable de Automatización |
||